000 00324nam a2200121Ia 4500
008 240731s9999 xx 000 0 und d
022 _a2204-2253
245 0 _aAustralian Journal of Mechanical Engineering
260 _bTaylor & Francis
856 _uhttps://www.tandfonline.com/loi/tmec20
942 _2ddc
942 _cTFEJ
999 _c75547
_d75547
945 _a1
_bMadushi Gamage
_c1
_dMadushi Gamage